Derecho a la vida privada y libertad de información : (Registro nro. 5220)
[ vista simple ]
| 000 -LEADER | |
|---|---|
| fixed length control field | 01260nam a2200265Ia 4500 |
| 003 - CONTROL NUMBER IDENTIFIER | |
| control field | OSt |
| 005 - DATE AND TIME OF LATEST TRANSACTION | |
| control field | 20200418002521.0 |
| 008 - FIXED-LENGTH DATA ELEMENTS--GENERAL INFORMATION | |
| fixed length control field | 191128s1981 mx gr 000 0 spa d |
| 020 ## - INTERNATIONAL STANDARD BOOK NUMBER | |
| International Standard Book Number | 9682303842 |
| 040 ## - CATALOGING SOURCE | |
| Original cataloging agency | CO-JMCR |
| Transcribing agency | CO-JMCR |
| 041 0# - LANGUAGE CODE | |
| Language code of text/sound track or separate title | spa |
| 082 04 - DEWEY DECIMAL CLASSIFICATION NUMBER | |
| Classification number | 323.445 / |
| Item number | N686d |
| Edition number | 23 |
| 100 1# - MAIN ENTRY--PERSONAL NAME | |
| Personal name | Novoa Monreal, Eduardo, |
| Relator term | autor |
| 9 (RLIN) | 3211 |
| 245 10 - TITLE STATEMENT | |
| Title | Derecho a la vida privada y libertad de información : |
| Remainder of title | un conflicto de derechos / |
| Statement of responsibility, etc. | Eduardo Novoa Monreal |
| 250 ## - EDITION STATEMENT | |
| Edition statement | Segunda edición |
| 260 ## - PUBLICATION, DISTRIBUTION, ETC. | |
| Place of publication, distribution, etc. | México : |
| Name of publisher, distributor, etc. | Siglo XXI, |
| Date of publication, distribution, etc. | 1981 |
| 300 ## - PHYSICAL DESCRIPTION | |
| Extent | 224 páginas ; |
| Dimensions | 21 cm. |
| 490 0# - SERIES STATEMENT | |
| Series statement | Nueva criminología |
| 505 0# - FORMATTED CONTENTS NOTE | |
| Formatted contents note | La vida privada -- Elaboración jurídica sobre la vida privada -- Los criterios diferenciales del derecho a la vida privada con otros derechos -- Formas de atentar contra la vida privada -- La protección jurídica de la vida privada |
| 520 ## - SUMMARY, ETC. | |
| Summary, etc. | Mucho se habla actualmente de la intimidad del ser humano y de su derecho a la vida privada y mucho más se discute especialmente en plano internacional sobre el alcance de la libertad de información, uno de los pilares de la democracia. |
| 650 14 - SUBJECT ADDED ENTRY--TOPICAL TERM | |
| Topical term or geographic name entry element | Derecho a la privacidad |
| 9 (RLIN) | 3212 |
| 650 14 - SUBJECT ADDED ENTRY--TOPICAL TERM | |
| Topical term or geographic name entry element | Libertad de información |
| 9 (RLIN) | 3213 |
| 650 14 - SUBJECT ADDED ENTRY--TOPICAL TERM | |
| Topical term or geographic name entry element | Periodismo |
| 9 (RLIN) | 3214 |
| 942 ## - ADDED ENTRY ELEMENTS (KOHA) | |
| Source of classification or shelving scheme | Dewey Decimal Classification |
| Koha item type | Books |
| Withdrawn status | Lost status | Source of classification or shelving scheme | Damaged status | Not for loan | Home library | Current library | Date acquired | Source of acquisition | Full call number | Barcode | Date last seen | Copy number | Koha item type |
|---|---|---|---|---|---|---|---|---|---|---|---|---|---|
| Dewey Decimal Classification | Biblioteca Pública José María del Castillo y Rada | Biblioteca Pública José María del Castillo y Rada | 04/15/2018 | Donación | 323.445 / N686d | 430001551 | 05/16/2024 | Ej.1 | Books |